| 000 | 01552nam a22004217a 4500 | ||
|---|---|---|---|
| 003 | CHAP | ||
| 005 | 20220329143220.0 | ||
| 008 | 070323d2006 mx ad r 00110 spa d | ||
| 010 | _a93421 | ||
| 011 | _a94393 | ||
| 035 | _a104981 | ||
| 040 | _cCHAP | ||
| 090 | _aTesis | ||
| 100 | 1 |
_aValladares Vega, Miguel Ángel. _9117565 |
|
| 245 | 1 | 0 |
_aEvaluación de siete toxicos para controlar la garrapata bovina Boophilus spp.) en laboratorio _c/por Miguel Ángel Valladares Vega |
| 260 |
_aCocula, Gro. : _bEl autor, _c2006 |
||
| 300 |
_a84 h. : _bilus. ; gráf. ; cuadros |
||
| 502 | _aTesis (Ing. Agr. Zootecnista) -- Colegio Superior Agropecuario del Estado de Guerrero. Centro de Estudios Profesionales | ||
| 590 |
_aALEPH _b10 _c20130110 _lUCH01 _h1517 |
||
| 590 |
_aBATCH-UPD _b10 _c20130110 _lUCH01 _h1352 |
||
| 590 |
_aBATCH-UPD _b10 _c20130410 _lUCH01 _h0848 |
||
| 590 |
_aBATCH-UPD _b10 _c20130914 _lUCH01 _h0726 |
||
| 590 |
_aBATCH-UPD _b10 _c20130914 _lUCH01 _h2148 |
||
| 590 |
_aCONVERSION _b10 _c20130109 _lUCH01 _h1352 |
||
| 650 | 1 | 4 |
_aBoophilus. _913787 |
| 650 | 1 | 4 |
_aControl biológico de plagas. _927587 |
| 650 | 1 | 4 |
_aControl de plagas. _927595 |
| 650 | 1 | 4 |
_aControl químico. _927604 |
| 650 | 1 | 4 |
_aEvaluación. _938913 |
| 650 | 1 | 4 |
_aGanado vacuno _xEnfermedades. _945460 |
| 650 | 1 | 4 |
_aGanado vacuno _xPlagas. _945505 |
| 650 | 1 | 4 |
_aGarrapatas. _946932 |
| 650 | 1 | 4 |
_aGarrapaticidas. _946934 |
| 901 | _aBK | ||
| 905 | _aMarco a. Mendoza T. | ||
| 942 | _cTESIS | ||
| 949 |
_aTesis _bBC _cTES _d33724002024322 _eTS1 _gDonaciØn _h46586 _i104981 _sb |
||
| 999 |
_c93421 _d93421 |
||